Stress and fish /

Bibliographic Details
Other Authors: Pickering, A. D.
Format: Book
Language:English
Published: London ; New York : Academic Press, 1981.
Subjects:

MARC

Tag First Indicator Second Indicator Subfields
LEADER 00000cam a2200000 a 4500
001 in00000088857
005 20151008063302.0
008 811230s1981 enka b 00100 eng d
010 |a  81067907  
020 |a 0125545509 
035 |a (OCoLC)08029096 
035 |9 AAK1944AM 
040 |a AGL  |c AGL  |d TXA  |d UtOrBLW 
049 |a TXAM  |c [1804214] 
070 |a QL615.S7 
072 0 |a M120 
090 |a SH153  |b .S8 
245 0 0 |a Stress and fish /  |c edited by A. D. Pickering. 
264 1 |a London ;  |a New York :  |b Academic Press,  |c 1981. 
300 |a xiv, 367 pages :  |b illustrations ;  |c 24 cm. 
336 |a text  |b txt  |2 rdacontent 
337 |a unmediated  |b n  |2 rdamedia 
338 |a volume  |b nc  |2 rdacarrier 
504 |a Includes bibliographies and indexes. 
650 0 |a Fishes  |x Psychology. 
650 0 |a Fishes  |x Physiology. 
700 1 |a Pickering, A. D. 
999 |a MARS 
999 f f |s ac58708e-5026-3452-9580-86ee30c3f8d8  |i 516d3396-2faf-304a-81b1-2c36e33fca05  |t 0 
952 f f |p ric  |a Texas A&M University  |b Rellis Campus  |c Joint Library Facility  |d Remote Storage  |t 0  |e SH153 .S8  |h Library of Congress classification  |i unmediated -- volume  |m A14806238886 
998 f f |a SH153 .S8  |t 0  |l Remote Storage